Design, Synthesis, Multifunctionalization and Biomedical Applications of Multifunctional Mesoporous Silica-Based Drug Delivery Nanosystems

This thesis reports on essential advances in the design, synthesis and biomedical applications of multifunctional Mesoporous Silica Nanoparticles (MSNs). It provides several examples of multifunctional MSN-based drug delivery nanosystems and demonstrates successful synergistic cancer therapies combi...

Full description

Bibliographic Details
Main Author: Chen, Yu (Author)
Corporate Author: SpringerLink (Online service)
Format: Electronic eBook
Language:English
Published: Berlin, Heidelberg : Springer Berlin Heidelberg : Imprint: Springer, 2016.
Series:Springer Theses, Recognizing Outstanding Ph.D. Research,
Subjects:
Online Access:Full Text via HEAL-Link
LEADER 02384nam a22004935i 4500
001 978-3-662-48622-1
003 DE-He213
005 20170520114002.0
007 cr nn 008mamaa
008 151014s2016 gw | s |||| 0|eng d
020 |a 9783662486221  |9 978-3-662-48622-1 
024 7 |a 10.1007/978-3-662-48622-1  |2 doi 
040 |d GrThAP 
050 4 |a R857.M3 
072 7 |a TGM  |2 bicssc 
072 7 |a TCB  |2 bicssc 
072 7 |a TEC021000  |2 bisacsh 
072 7 |a SCI009000  |2 bisacsh 
082 0 4 |a 620.11  |2 23 
100 1 |a Chen, Yu.  |e author. 
245 1 0 |a Design, Synthesis, Multifunctionalization and Biomedical Applications of Multifunctional Mesoporous Silica-Based Drug Delivery Nanosystems  |h [electronic resource] /  |c by Yu Chen. 
264 1 |a Berlin, Heidelberg :  |b Springer Berlin Heidelberg :  |b Imprint: Springer,  |c 2016. 
300 |a XIII, 88 p. 47 illus., 7 illus. in color.  |b online resource. 
336 |a text  |b txt  |2 rdacontent 
337 |a computer  |b c  |2 rdamedia 
338 |a online resource  |b cr  |2 rdacarrier 
347 |a text file  |b PDF  |2 rda 
490 1 |a Springer Theses, Recognizing Outstanding Ph.D. Research,  |x 2190-5053 
520 |a This thesis reports on essential advances in the design, synthesis and biomedical applications of multifunctional Mesoporous Silica Nanoparticles (MSNs). It provides several examples of multifunctional MSN-based drug delivery nanosystems and demonstrates successful synergistic cancer therapies combining MSNs and high-intensity focused ultrasound. The book will especially be of interest to researchers and graduate students in the fields of biomaterials, biology, chemistry, medicine and the life sciences who are working to develop new methods and technologies to combat cancer. 
650 0 |a Materials science. 
650 0 |a Cancer research. 
650 0 |a Biomedical engineering. 
650 0 |a Biomaterials. 
650 1 4 |a Materials Science. 
650 2 4 |a Biomaterials. 
650 2 4 |a Cancer Research. 
650 2 4 |a Biomedical Engineering. 
710 2 |a SpringerLink (Online service) 
773 0 |t Springer eBooks 
776 0 8 |i Printed edition:  |z 9783662486207 
830 0 |a Springer Theses, Recognizing Outstanding Ph.D. Research,  |x 2190-5053 
856 4 0 |u http://dx.doi.org/10.1007/978-3-662-48622-1  |z Full Text via HEAL-Link 
912 |a ZDB-2-CMS 
950 |a Chemistry and Materials Science (Springer-11644)